| 000 | 00746nab a2200229 4500 | ||
|---|---|---|---|
| 003 | BR-BrBNA | ||
| 005 | 20251227144358.0 | ||
| 008 | 251227b bl.||||| |||| 00| 0 por d | ||
| 040 |
_aBR-BrBNA _bpor |
||
| 072 |
_aF01 ; C10 ; A50 _b2120 |
||
| 100 | _aCilo, Hugo | ||
| 245 |
_aUm cafezal na metrópole _bAgronegócios |
||
| 500 | _a2 illus. | ||
| 650 | _aCAFEZAL | ||
| 650 | _aEDUCAÇÃO AGRÍCOLA | ||
| 650 | _aINSTITUIÇÃO DE PESQUISA | ||
| 650 | _aSÃO PAULO | ||
| 650 | _aCAPITAL | ||
| 773 | 0 |
_01706 _9348084 _dSão Paulo-SP Editora Três Ltda - E-mail: luizfsa@revistadinheiro.com.br 2004 _o2025-0577 _tDinheiro Rural (Brazil) _x1807-3700 _gv. 9(104) p. 42-43; (Jun 2013) _wBR2025005321 |
|
| 942 | _cANA | ||
| 999 |
_c339621 _d339621 |
||